00775 2200265 4500001002100000005001700021008004100038020001800079035002400097082001400121090002400135100002100159245012400180250001100304260004200315300003000357650002400387700001700411850001500428985000600443999001500449999001500464999001500479999001500494YOGYA-0209000002873220090227024247.0 ind  a979-511-124-8 0010-020900000028732 a371.30201 a371.30201bSan MlT aSANDERS, L. F. J aMembantu anak mengerjakan pekerjaan rumahbpedoman bagi orang tua dan gurucL. F. J. Sanders; disadur oleh J. Drost, SJ aCet. 1 aJakartabGramedia Pustaka Utamac1991 aviii, 69 hlmbilusc21 cm aPendidikan - Metode aDrost, SJ, J aYOPDYOG(B) a4 a93P0036338 a93P0036337 a95P0075584 a93P0046269